| 000 | 00817cam a22002651 4500 | ||
|---|---|---|---|
| 001 | 15662 | ||
| 003 | BD-RjUL | ||
| 005 | 20211208235850.0 | ||
| 008 | 140210r19661963ii 000 0 eng d | ||
| 035 | _a(BD-RjUL)15717 | ||
| 035 | _a(OCoLC)5284762 | ||
| 040 |
_aDLC _cCChiS _dDLC _dBD-RjUL _beng |
||
| 041 | _aeng | ||
| 082 | 0 | 0 |
_bMOM 1966 _a658.8 |
| 100 | 1 |
_aMortenson, W. P. _q(William Peter), _d1895- _948611 |
|
| 245 | 1 | 0 |
_aModern marketing of farm products / _cW. P. Mortenson, |
| 260 |
_aDanville, Ill. : _bInterstate Printers & Publishers, _c1963 [Reprinted 1966] |
||
| 300 |
_a277 p. : _billus. ; _c22 cm. |
||
| 504 | _aIncludes Index | ||
| 650 | 0 |
_aFarm produce _xMarketing. _99760 |
|
| 650 | 0 |
_aProduce trade _zUnited States. _99759 |
|
| 942 |
_2ddc _cBK |
||
| 999 |
_c15662 _d15662 |
||